Tras las huellas del Terrorismo en Euskadi Justicia restaurativa, Convivencia y reconciliacin̤ /

Bibliographic Details
Main Author: Martn̕, Annabel
Other Authors: Rodrg̕uez, M.® Pilar
Format: eBook
Language:Spanish
Published: Madrid: Dykinson, 2019
Subjects:
Online Access:Acceso restringido

MARC

LEADER 00000nam a22000007a 4500
005 20191115112428.0
007 cr|||| ||||
008 191115s2019 es |||||s|||| 00||0 spa d
020 |a 978-84-1324-390-0 
035 |a 30624 
040 |a vLex 
090 |c 10025  |d 10025 
100 1 |a Martn̕, Annabel 
245 1 0 |a Tras las huellas del Terrorismo en Euskadi  |h [Recurso electrn̤ico] :  |b Justicia restaurativa, Convivencia y reconciliacin̤ /  |c Annabel Martn̕, M.® Pilar Rodrg̕uez 
256 |a Servicio en ln̕ea 
260 |a Madrid:  |b Dykinson,  |c 2019 
300 |a 1 recurso electrn̤ico 
500 |a Tras las huellas del terrorismo en Euskadi da a conocer la naturaleza y el desarrollo de la justicia restaurativa en el contexto vasco. Se fija en los encuentros que distintas vc̕timas de la violencia tuvieron con victimarios pertenecientes en su da̕ a ETA, a los GAL y a los Comandos Autn̤omos Anticapitalistas a travš del programa desarrollado en el Centro Penitenciario de Araba (Nanclares de Oca) y uno ms̀ en Madrid. Con atencin̤ a su vertiente ťica, el libro narra cm̤o la justicia restaurativa exige grandes dosis de autocrt̕ica y de arrepentimiento por parte de victimarios, de generosidad y de convencimiento por parte de vc̕timas de la capacidad de enmienda de quien fuera capaz de avalar el asesinato, y de valenta̕ por ambas partes para enfrentarse cara a cara con el dolor del otro y querer escucharlo y hacerlo suyo. Tras las huellas del terrorismo en Euskadi combina reflexiones en primera persona de los protagonistas de los encuentros restaurativos junto con ensayos reflexivos escritos por estudiosos de la materia y del contexto vasco. El libro incluye las aportaciones de las personas que tuvieron un papel protagonista en la planificacin̤ de los encuentros desde la oficina de Paz, Convivencia, Derechos Humanos y Vc̕timas del Gobierno Vasco como Txema Urkijo, Maixabel Lasa (entrevistada como vc̕tima) y de la mediadora principal, Esther Pascual. Abarca tambiň los capt̕ulos escritos por los profesores Galo Bilbao, Annabel Martn̕, Mara̕ Pilar Rodrg̕uez, Izaskun Sèz de la Fuente y Gema Varona. Finalmente, recoge los testimonios de seis de las vc̕timas participantes redactado por Iąki Garca̕ Arrizabalaga (tambiň vc̕tima y profesor): Jaime Arrese Araolaza, Josu Elespe Pelaz, Mari Carmen Hernǹdez Sǹchez, Maixabel Lasa Iturrioz, Maril ̤Vera Barbero y Pili Zabala Artano 
506 1 |a Disponible solo en los productos indicados  |d vLex Global  |d vLex Global (Academic Edition, excluding Law Schools)  |d vLex Global (U.S. Academic Edition, Law Schools)  |d vLex Global (U.S. Academic Edition, excluding Law Schools)  |d vLex Global (Academic Edition, Law Schools) 
650 0 4 |a Derecho Penal  |z Espaą 
700 1 |a Rodrg̕uez, M.® Pilar 
740 0 |a vLex Libros (Servicio en ln̕ea) 
856 4 0 |u http://vlex.com/source/tras-las-huellas-del-terrorismo-en-euskadi-justicia-restaurativa-convivencia-y-reconciliacion-30624  |z Acceso restringido 
942 |c BOOK 
999 0 |a Criminal law